000 00400nam a22001457a 4500
999 _c7423
_d7421
005 20210904131449.0
008 200710b xxu||||| |||| 00| 0 eng d
082 _a345.4005 BHA-I
100 _aBHATT, VIJAY
_96878
245 _aINDIAN BAR REVIEW [Vol.44] (4)2017 ,OCTOBER TODECEMBER)
260 _aNEW DELHI
_bBAR OCUNCIL OF INDIATRUST
_c2017
300 _a208p.
650 _aLAW
_95701
942 _cJRL